CF ROI verzus vnútorná miera výnosnosti investícií?
Medzi relatívne nové metódy hodnotenia finančnej výkonnosti podniku patrí aj ukazovateľ CFROI - cash flow rentabilita investícií (Cash flow return on investment). Ukazovateľ CFROI je schopný stanoviť mieru hodnoty nezávisle od veľkosti podniku a odvetvia. Je založený na princípe vnútornej miery výno...
Gespeichert in:
| 1. Verfasser: | |
|---|---|
| Format: | Buchkapitel |
| Sprache: | Slowakisch |
| Schlagworte: | |
| Tags: |
Keine Tags, Fügen Sie das erste Tag hinzu!
|
MARC
| LEADER | 00000naa a2200000 4500 | ||
|---|---|---|---|
| 001 | 0145973 | ||
| 005 | 20240502072631.9 | ||
| 041 | 0 | |a slo | |
| 044 | |a SK | ||
| 245 | 1 | 0 | |a CF ROI verzus vnútorná miera výnosnosti investícií? |c Ladislav Nagy |
| 520 | |a Medzi relatívne nové metódy hodnotenia finančnej výkonnosti podniku patrí aj ukazovateľ CFROI - cash flow rentabilita investícií (Cash flow return on investment). Ukazovateľ CFROI je schopný stanoviť mieru hodnoty nezávisle od veľkosti podniku a odvetvia. Je založený na princípe vnútornej miery výnosnosti. Výhody tohto ukazovateľa. Praktický príklad. | ||
| 610 | 2 | 0 | |a investície |
| 610 | 2 | 0 | |a výnosnosť |
| 610 | 2 | 0 | |a rentabilita |
| 610 | 2 | 0 | |a cash flow |
| 100 | 1 | |a Nagy, Ladislav | |